000 00729nam a22002057a 4500
999 _c8235
_d8235
003 AR-CdUCM
008 190322b ||||| |||| 00| 0 spa d
040 _aMUNICIPALIDAD PROVINCIAL DEL CUSCO
_cBIBLIOTECA MUNICIPAL DEL CUSCO
082 _22ed.
_a025.3 /
_bP42
100 _aPenna, Carlos Víctor
_923181
245 _aCatalogación y clasificación de libros /
260 _aBuenos Aires :
_bKapelusz,
_c1964.
300 _a325 páginas ;
_c21 cm.
505 _aContenido : Catálogos -- Fichas -- Determinación del autor -- Redacción de la ficha principal -- Catalogo diccionario...
650 _aBiblioteca
_923182
650 _aCatalogación
_923183
650 _aLibros
_91857
942 _2ddc
_cLIBROS
945 _admma